[Event "Augsburg Afro op-A 18th"]
[Site "Augsburg"]
[Date "2011.08.06"]
[Round "5"]
[White "Foerderreuther, Jonas"]
[Black "Haeussinger, Dieter"]
[Result "1-0"]
[WhiteElo "2058"]
[BlackElo "1819"]
[PlyCount "97"]
[EventDate "2011.08.04"]
[EventType "swiss"]
[EventRounds "7"]
[EventCountry "GER"]
[SourceTitle "EXT 2015"]
[Source "ChessBase"]
[SourceDate "2014.11.20"]
[SourceVersion "1"]
[SourceVersionDate "2014.11.20"]
[SourceQuality "1"]

1. e4 e5 2. Nf3 Nf6 3. d4 Nxe4 4. dxe5 d5 5. Nbd2 Be7 6. c4 Nxd2 7. Bxd2 0-0 8. Qb3 d4 9. Bd3 Nc6 10. Be4 Bd7 11. Qd3 Bg4 12. Bxc6 bxc6 13. Qxd4 Bxf3 14. Qxd8 Bxd8 15. gxf3 Re8 16. f4 f6 17. Bc3 fxe5 18. 0-0-0 exf4 19. Rd7 Re7 20. Rhd1 Rxd7 21. Rxd7 Bf6 22. Bxf6 gxf6 23. Rxc7 f3 24. Rxc6 Kf7 25. Rc7+ Kg6 26. Re7 Rc8 27. b3 Rc5 28. Re3 Rh5 29. Rxf3 Rxh2 30. c5 Kf7 31. c6 Ke7 32. Rd3 Rh5 33. b4 Rh4 34. Rc3 Kd8 35. a3 Kc7 36. b5 Rh1+ 37. Kd2 Rh5 38. a4 Rf5 39. f3 h5 40. Rd3 Kc8 41. Rd7 Kb8 42. Rb7+ Ka8 43. Rh7 Kb8 44. Rh8+ Kc7 45. Ra8 Kb6 46. Rb8+ Kc7 47. Rb7+ Kc8 48. Rxa7 h4 49. b6 1-0

[Event "Regionalliga SW 0203"]
[Site "Bayern"]
[Date "2003.03.09"]
[Round "8.8"]
[White "Guggenberger, Guido"]
[Black "Haeussinger, Dieter"]
[Result "1/2-1/2"]
[WhiteElo "1941"]
[BlackElo "1722"]
[PlyCount "83"]
[EventDate "2002.10.20"]
[EventType "team"]
[EventRounds "9"]
[EventCountry "GER"]
[SourceTitle "EXT 2004"]
[Source "ChessBase"]
[SourceDate "2003.11.25"]
[SourceVersion "1"]
[SourceVersionDate "2003.11.25"]
[SourceQuality "1"]
[WhiteTeam "Muenchen Tarrasch II"]
[BlackTeam "Bobingen"]
[WhiteTeamCountry "GER"]
[BlackTeamCountry "GER"]

1. c4 e5 2. g3 d6 3. Bg2 f5 4. d4 exd4 5. Qxd4 Nc6 6. Qe3+ Qe7 7. Nf3 Qxe3 8. Bxe3 Nf6 9. Nc3 Be6 10. Nd4 Nxd4 11. Bxd4 Bxc4 12. Bxb7 Rb8 13. Bc6+ Kf7 14. b3 Ba6 15. Bxa7 Rd8 16. 0-0-0 g6 17. b4 Bh6+ 18. Kc2 Bc8 19. b5 Bd7 20. Bf3 Rhe8 21. Bd4 Rb8 22. Rhe1 Bxb5 23. Nxb5 Rxb5 24. Bc6 Reb8 25. Bxb5 Rxb5 26. a4 Ra5 27. Bxf6 Kxf6 28. Kb3 Ke6 29. Kb4 Ra7 30. Rb1 Bd2+ 31. Ka3 Bxe1 32. Rxe1 d5 33. Rb1 c5 34. Rb5 Kd6 35. a5 d4 36. Rb6+ Kd5 37. a6 c4 38. Kb4 c3 39. Kb3 Kc5 40. Re6 Kd5 41. Rb6 Kc5 42. Re6 1/2-1/2

[Event "Regionalliga SW 0102"]
[Site "Bayern"]
[Date "2002.04.28"]
[Round "9.8"]
[White "Jovanovic, Momir"]
[Black "Haeussinger, Dieter"]
[Result "1/2-1/2"]
[WhiteElo "1955"]
[BlackElo "1645"]
[PlyCount "20"]
[EventDate "2001.10.07"]
[EventType "team"]
[EventRounds "9"]
[EventCountry "GER"]
[SourceTitle "EXT 2003"]
[Source "ChessBase"]
[SourceDate "2002.11.25"]
[SourceVersion "1"]
[SourceVersionDate "2002.11.25"]
[SourceQuality "1"]
[WhiteTeam "Muenchen 77"]
[BlackTeam "Bobingen"]
[WhiteTeamCountry "GER"]
[BlackTeamCountry "GER"]

1. b4 d5 2. Bb2 e6 3. Nf3 Nf6 4. a3 Nbd7 5. e3 Be7 6. c4 dxc4 7. Bxc4 Nb6 8. Bb3 Bd7 9. 0-0 Bb5 10. Re1 0-0 1/2-1/2